[Event "Lyon op"]
[Site "Lyon"]
[Date "2005.04.16"]
[Round "1"]
[White "Leroy, Nicolas"]
[Black "Murer, Jacques"]
[Result "1-0"]
[WhiteElo "1910"]
[BlackElo "1410"]
[PlyCount "43"]
[EventDate "2005.04.16"]
[EventType "swiss"]
[EventRounds "9"]
[EventCountry "FRA"]
[SourceTitle "CBM 105 Extra"]
[Source "ChessBase"]
[SourceDate "2005.05.01"]
[SourceVersion "1"]
[SourceVersionDate "2005.05.01"]
[SourceQuality "1"]

1. e4 d5 2. exd5 Qxd5 3. Nc3 Qa5 4. d4 c6 5. Nf3 Bf5 6. Bc4 e6 7. 0-0 Be7 8. Re1 b5 9. Bb3 Nd7 10. Bd2 Qc7 11. a4 b4 12. Ne2 a5 13. Bf4 Bd6 14. Bxd6 Qxd6 15. Ng3 Bg4 16. h3 Bxf3 17. Qxf3 Ngf6 18. Nf5 Qc7 19. Nxg7+ Ke7 20. Nxe6 fxe6 21. Rxe6+ Kd8 22. Rxc6 1-0

[Event "Loire Cup 2000 Phase Ligue"]
[Site "Loire"]
[Date "2003.02.23"]
[Round "3"]
[White "Murer, Jacques"]
[Black "Barnes, Pierrick"]
[Result "1-0"]
[WhiteElo "1300"]
[BlackElo "1490"]
[PlyCount "73"]
[EventDate "2003.02.23"]
[EventType "team"]
[EventRounds "3"]
[EventCountry "FRA"]
[SourceTitle "EXT 2008"]
[Source "ChessBase"]
[SourceDate "2007.11.25"]
[SourceVersion "1"]
[SourceVersionDate "2007.11.25"]
[SourceQuality "1"]

1. d4 d5 2. e3 e6 3. Bd3 c5 4. c3 Nf6 5. Nd2 Nc6 6. f4 c4 7. Bc2 Bd6 8. Ngf3 0-0 9. Ne5 Qc7 10. 0-0 Nd7 11. Qh5 f5 12. Ndf3 Nf6 13. Qh4 Be7 14. Qe1 Nxe5 15. Nxe5 b6 16. Rf3 Ne4 17. Rh3 Bb7 18. g4 fxg4 19. Nxg4 Rf5 20. Bxe4 dxe4 21. Qg3 Raf8 22. Nh6+ Kh8 23. Nxf5 Rxf5 24. Bd2 Qd6 25. Rf1 Bf6 26. Be1 a5 27. Qg2 b5 28. a3 Qd5 29. Bh4 Bc6 30. Kh1 Qd6 31. Rg1 g6 32. Bxf6+ Rxf6 33. Qg5 Rf5 34. Qh6 Qc7 35. Rxg6 Bd5 36. Rhg3 Qf7 37. Rg7 1-0